Statistics for Locations by Letter - B

Click here to take the quiz!

General Stats

  • This quiz has been taken 43,295 times
    (29,394 since last reset)
  • The average score is 15 of 22

Answer Stats

DescriptionLocation% Correct
Place where ships and planes
mysteriously disappear
{Bermuda} Triangle
96%
London residence of the QueenBuckingham Palace
94%
Where Jesus was bornBethlehem
92%
Capital of BrazilBrasilia
89%
City formerly called PekingBeijing
87%
Ancient Mesopotamian city
of hanging gardens
Babylon
86%
New York theater streetBroadway
81%
NYC borough where hipsters liveBrooklyn
81%
Capital of CataloniaBarcelona
77%
German region home to OktoberfestBavaria
74%
English spa town known to the
Romans as Aquae Sulis
Bath
73%
Country of Hercule PoirotBelgium
68%
Mexican peninsula south of CaliforniaBaja California
67%
Sherlock's streetBaker Street
67%
Where the Flintstones liveBedrock
58%
SpongeBob's home townBikini Bottom
58%
City called "The Paris of the Pampas"Buenos Aires
46%
Las Vegas casino with a
spectacular fountain
Bellagio
45%
Canada's first national parkBanff
41%
Most expensive property in the
U.S. version of Monopoly
Boardwalk
39%
Bilbo Baggin's hobbit holeBag End
27%
Where there's a lake of stew
and of whiskey too
Big Rock
Candy Mountain
11%

Score Distribution

Percentile by Number Answered

Percent of People with Each Score

Your Score History

You have not taken this quiz since the last reset